| 000 -ლიდერი |
| ფიქსირებული სიგრძის საკონტროლო ველი |
01020nam a2200229Ia 4500 |
| 001 - საკონტროლო ნომერი |
| საკონტროლო ველი |
4479 |
| 003 - საკონტროლო ნომრის იდენტიფიკატორი |
| საკონტროლო ველი |
GE_BSU |
| 005 - ბოლო ოპერაციის თარიღი და დრო |
| საკონტროლო ველი |
20190521174138.0 |
| 008 - ფიქსირებული სიგრძის მონაცემთა ელემენტები - ზოგადი ინფორმაცია |
| ფიქსირებული სიგრძის საკონტროლო ველი |
181216s1973||||ge |||||||||||||| ||geo|| |
| 040 ## - კატალოგიზაციის წყარო |
| Transcribing agency |
GE_BSU |
| 041 ## - ენის კოდი |
| Language code of text/sound track or separate title |
geo |
| 080 ## - უნივერსალური ათობითი კლასიფიკაციის ინდექსი |
| Universal Decimal Classification number |
53(075.8)+531 მ–70 |
| 100 ## - მთავარი ჩანაწერი - პიროვნების სახელი |
| Personal name |
მირიანაშვილი,მათე. |
| 9 (RLIN) |
1467 |
| 245 ## - ცნობა სათაურის შესახებ |
| Title |
ზოგადი ფიზიკის კურსი. მექანიკა. I ნაწ : სახელმძღვ. / |
| Statement of responsibility, etc |
მათე მირიანაშვილი ; რედ. ა.იშხნელი. |
| 250 ## - გამოცემის ცნობა |
| Edition statement |
მესამე შესწორებ. და გადამ. გამოც. |
| 264 ## - წარმოების, გამოცემის, დისტრიბუციის და სხვა ცნობები |
| გამოცემის, წარმოების, დისტრიბუციის... ადგილი |
თბილისი : |
| გამოცემის, წარმოების, დისტრიბუციის... სახელწოდება |
უნ–ტის გამ–ბა, |
| გამოცემის, წარმოების, დისტრიბუციის... თარიღი |
1973. |
| 300 ## - ფიზიკური აღწერა |
| Extent |
507 გვ .: |
| Dimensions |
21 სმ. |
| 653 ## - INDEX TERM--UNCONTROLLED |
| Uncontrolled term |
ზოგადი ფიზიკა, მექანიკა. |
| 653 ## - INDEX TERM--UNCONTROLLED |
| Uncontrolled term |
მექანიკა |
| 700 ## - ADDED ENTRY--PERSONAL NAME |
| Personal name |
იშხნელი, ა |
| Relator term |
რედაქტორი |
| 9 (RLIN) |
1468 |
| 942 ## - ADDED ENTRY ELEMENTS (KOHA) |
| Koha item type |
წიგნი |
| Source of classification or shelving scheme |
|